आचार्य वराहमिहीर - चौदा विद्या आणि चौसष्ठ कलांचे प्रणेते(शेती/खगोल/मूर्ती/ग्रहयोगशास्त्र व देहबोली). (Record no. 1336671)
[ view plain ]
| 000 -LEADER | |
|---|---|
| fixed length control field | 01268nam a2200181Ia 4500 |
| 008 - FIXED-LENGTH DATA ELEMENTS--GENERAL INFORMATION | |
| fixed length control field | 151202s9999||||xx |||||||||||||| ||und|| |
| 082 ## - DEWEY DECIMAL CLASSIFICATION NUMBER | |
| Item number | PNVM-70161 |
| 100 ## - MAIN ENTRY--PERSONAL NAME | |
| Personal name | बोडस आनंद. |
| 245 ## - TITLE STATEMENT | |
| Title | आचार्य वराहमिहीर - चौदा विद्या आणि चौसष्ठ कलांचे प्रणेते(शेती/खगोल/मूर्ती/ग्रहयोगशास्त्र व देहबोली). |
| 260 ## - PUBLICATION, DISTRIBUTION, ETC. (IMPRINT) | |
| Name of publisher, distributor, etc | "नवचैतन्य प्रकाशन,बोरोवली." |
| 260 ## - PUBLICATION, DISTRIBUTION, ETC. (IMPRINT) | |
| Date of publication, distribution, etc | 70161 |
| 300 ## - PHYSICAL DESCRIPTION | |
| Extent | 150 |
| 600 ## - SUBJECT ADDED ENTRY--PERSONAL NAME | |
| Personal name | बोडस आनंद. |
| 630 ## - SUBJECT ADDED ENTRY--UNIFORM TITLE | |
| Uniform title | आचार्य वराहमिहीर - चौदा विद्या आणि चौसष्ठ कलांचे प्रणेते(शेती/खगोल/मूर्ती/ग्रहयोगशास्त्र व देहबोली). |
| 700 ## - ADDED ENTRY--PERSONAL NAME | |
| Personal name | बोडस आनंद. |
| 730 ## - ADDED ENTRY--UNIFORM TITLE | |
| Uniform title | आचार्य वराहमिहीर - चौदा विद्या आणि चौसष्ठ कलांचे प्रणेते(शेती/खगोल/मूर्ती/ग्रहयोगशास्त्र व देहबोली). |
| 942 ## - ADDED ENTRY ELEMENTS (KOHA) | |
| Koha item type | Book |
| Withdrawn status | Lost status | Damaged status | Not for loan | Home library | Current library | Date acquired | Cost, normal purchase price | Total Checkouts | Full call number | Barcode | Date last seen | Cost, replacement price | Price effective from | Koha item type |
|---|---|---|---|---|---|---|---|---|---|---|---|---|---|---|
| Pune Nagar Vachan Mandir, Pune | Pune Nagar Vachan Mandir, Pune | 06/21/2015 | 0.00 | PNVM-70161 | PNVM-70161 | 12/02/2015 | 0.00 | 12/02/2015 | Book |